Who/What Is Missing? #3 - Statistics

General Stats
  • This quiz has been taken 66 times
  • The average score is 9 of 20
Answer Stats
People/Things Grouping Answer % Correct
– A, B, AB... Main Blood Groups O
87%
White, Red, Blue, Yellow, Orange... Original Rubik Cube Colors Green
80%
Red, Orange, Yellow, Green, Blue, Indigo... Rainbow Colors Violet
80%
Mercury, Venus, Mars... Rocky Planets Earth
75%
Pawn, Rooks, Bishops, Queen, King... Chess Pieces Knights
72%
Rachel, Monica, Chandler, Joey, Ross... Chracters in Friends TV Show Phoebe
66%
Marsha, Cindy, Peter, Greg, Bobby... Brady Bunch Kids Jan
64%
Sean Connery, David Niven, George Lazenby, Roger Moore, Timothy Dalton. Pierce Brosnan... James Bond Actors Daniel Craig
61%
Arctic, North Atlantic, South Atlantic, North Pacific, South Pacific, Southern Oceans... Oceans Indian
57%
Black Widow, Hawkeye, Ironman, Hulk, Thor... Main Avengers Captain America
51%
Physics, Chemistry, Medicine, Peace, Economic Sciences... Nobel Prize Categories Literature
48%
Catherine of Aragon, Anne Boleyn, Anne of Cleves, Catherine Howard, Catherine Parr... Wives of Henry the 8th Jane Seymour
41%
New South Wales, Victoria, Queensland, Western Australia, South Australia... Australian States Tasmania
38%
Doric, Ionic... Classical Greek Architecture Corinthian
28%
Helium, Neon, Argon, Krypton, Xenon... The Nobel Gasses Radon
26%
Vegetables, Grains, Protein, Dairy, Oils... Food Groups Fruit
21%
Plants, Protists, Fungi, Archaebacteria, Eubacteria. Kingdoms of Life Animals
18%
Day 1: light, time Day 2: the sky, “separated” waters Day 3: ground, plants Day 4: sun, moon, stars, planets Day 5..........Day 6: land animals and humans Genesis Creations Days 1-6 Fish / Birds
18%
Great Pyramid of Giza, Hanging Gardens of Babylon, Temple of Artemis, Statue of Zeus at Olympia, Mausoleum at Halicarnassus, Colossus of Rhodes... Wonders of the Ancient World Lighthouse of Alexandria
15%
Chastity, Temperance, Charity, Patience, Kindness... 7 Virtues Humility
2%
No matching quizzes found
Score Distribution
Percent of People with Each Score
Percentile by Number Answered
Your Score History
You have not taken this quiz